<?xml version="1.0" encoding="UTF-8"?>
<marc:record xmlns:marc="http://www.loc.gov/MARC21/slim">
   <marc:leader>00000nam a2200000 a 4500</marc:leader>
   <marc:datafield ind1="0" ind2="0" tag="245">
      <marc:subfield code="a">Harry Potter und der Orden des Phönix</marc:subfield>
   </marc:datafield>
   <marc:datafield ind1=" " ind2="1" tag="264">
      <marc:subfield code="c">2007</marc:subfield>
   </marc:datafield>
   <marc:datafield ind1="1" ind2=" " tag="490">
      <marc:subfield code="a">Harry Potter</marc:subfield>
      <marc:subfield code="v">5</marc:subfield>
   </marc:datafield>
   <marc:datafield ind1="1" ind2=" " tag="520">
      <marc:subfield code="a">Fünfte Verfilmung nach der "Harry Potter"-Romanserie von Joanne K. Rowling, in der die drohende Rückkehr Lord Voldemorts Zauberschüler Harry und seinen Freunden zu Schaffen macht. Der Zaubereiminister vermutet hinter den Warnungen vor dem Dunklen Lord indes Ränke gegen sich selbst und schickt seine Sekretärin in die Zaubererschule Hogwarts, um nach dem Rechten zu sehen. Dies artet in ein wahres Schreckensregime aus. Gelungene, atmosphärisch dichte Fantasy-Adaption, die ihre fiktive Welt sinnlich in Szene zu setzen versteht und in der Selbstzweifel der Hauptfigur und die Auseinandersetzung mit dem Tod für nachdenklich-dunkle Töne sorgen.</marc:subfield>
   </marc:datafield>
   <marc:datafield ind1="3" ind2=" " tag="024">
      <marc:subfield code="a">5051890307934</marc:subfield>
   </marc:datafield>
   <marc:datafield ind1=" " ind2=" " tag="041">
      <marc:subfield code="a">ger</marc:subfield>
   </marc:datafield>
   <marc:datafield ind1="1" ind2=" " tag="521">
      <marc:subfield code="a">FSK ab 12 freigegeben</marc:subfield>
   </marc:datafield>
   <marc:datafield ind1="1" ind2=" " tag="521">
      <marc:subfield code="a">12</marc:subfield>
   </marc:datafield>
   <marc:datafield ind1=" " ind2=" " tag="338">
      <marc:subfield code="a">Videodisk</marc:subfield>
   </marc:datafield>
   <marc:datafield ind1=" " ind2=" " tag="300">
      <marc:subfield code="a">1 DVD</marc:subfield>
   </marc:datafield>
</marc:record>
